[Event "3eme Open International de La Fere"]
[Site "La Fere (FRA)"]
[Date "2004.??.??"]
[Round "1.35"]
[White "Casier, Fabrice"]
[Black "Platel, Alexandre"]
[Result "1/2-1/2"]
[WhiteElo "1810"]
[BlackElo "2145"]
[PlyCount "66"]
[EventDate "2004.07.03"]

1. c4 e5 2. Nc3 Nc6 3. g3 g6 4. Bg2 Bg7 5. Nf3 d6 6. O-O f5 7. d3 Nge7 8. Rb1
O-O 9. Bd2 h6 10. h4 Be6 11. b4 Qd7 12. e3 Nd8 13. Nh2 f4 14. exf4 exf4 15. Re1
fxg3 16. fxg3 Bd4+ 17. Kh1 Bh3 18. Ne4 Bxg2+ 19. Kxg2 Nf5 20. Ng4 Kh7 21. Bc3
Bxc3 22. Nxc3 h5 23. Ne3 Ne6 24. Ne4 Nxe3+ 25. Rxe3 d5 26. Nc5 Nxc5 27. bxc5
Qc6 28. Re7+ Kh8 29. Qc2 dxc4+ 30. Kh3 Rf7 31. Qc3+ Rf6 32. Qe5 Raf8 33. Qxc7
Qxc7 1/2-1/2

[Event "3eme Open International de La Fere"]
[Site "La Fere (FRA)"]
[Date "2004.??.??"]
[Round "1.38"]
[White "Laval, Brice"]
[Black "Perrien, Francis"]
[Result "1/2-1/2"]
[WhiteElo "2106"]
[BlackElo "1800"]
[PlyCount "105"]
[EventDate "2004.07.03"]

1. e4 c5 2. Nf3 d6 3. d4 cxd4 4. Nxd4 Nf6 5. Nc3 a6 6. Bc4 e6 7. Bb3 Nc6 8.
Nxc6 bxc6 9. e5 Nd5 10. Ne4 dxe5 11. c4 Nf6 12. Qxd8+ Kxd8 13. Bg5 Be7 14.
O-O-O+ Kc7 15. Bxf6 gxf6 16. c5 Rd8 17. Rxd8 Kxd8 18. Rd1+ Kc7 19. Nd6 a5 20.
f3 a4 21. Bc2 h5 22. g4 h4 23. Nxf7 Bxc5 24. Re1 Bd6 25. g5 fxg5 26. Nxg5 Bd7
27. Rd1 c5 28. Nf7 Ra6 29. Bd3 Rb6 30. Bc4 Bc8 31. Kc2 Bd7 32. Kc3 Bc8 33. Rd2
Bb7 34. Bxe6 Bxf3 35. Ng5 e4 36. Kc4 Rb4+ 37. Kc3 Be5+ 38. Kc2 Rxb2+ 39. Kc1
Rxd2 40. Kxd2 Bxh2 41. Ke3 Kd6 42. Bc4 Ke5 43. Nxf3+ exf3 44. a3 f2 45. Kxf2
Kd4 46. Bb5 Kc3 47. Bxa4 Kb2 48. Bd7 Kxa3 49. Kg2 Bg3 50. Be6 Kb4 51. Kg1 c4
52. Bxc4 Kxc4 53. Kh1 1/2-1/2

[Event "3eme Open International de La Fere"]
[Site "La Fere (FRA)"]
[Date "2004.??.??"]
[Round "1.39"]
[White "Ricord, Lucas"]
[Black "Oudot, Jean-Baptiste"]
[Result "1-0"]
[WhiteElo "1800"]
[BlackElo "2090"]
[PlyCount "73"]
[EventDate "2004.07.03"]

1. d4 d5 2. c4 c6 3. Nc3 Nf6 4. Nf3 e6 5. Bg5 dxc4 6. e4 b5 7. e5 h6 8. Bh4 g5
9. Nxg5 hxg5 10. Bxg5 Nbd7 11. Qf3 Bb7 12. Ne4 Bb4+ 13. Ke2 Be7 14. exf6 Bf8
15. Qe3 Qb6 16. Rd1 O-O-O 17. g3 c5 18. Bg2 Rg8 19. h4 Bd5 20. Rhe1 cxd4 21.
Qxd4 Nc5 22. Kf1 Qc6 23. Kg1 Nd3 24. Rxd3 cxd3 25. Rc1 Bc4 26. Qxa7 Rd7 27. Qa5
Qc7 28. Qd2 Kd8 29. b3 Ba3 30. Bf4 e5 31. Bxe5 Qxe5 32. Qa5+ Qc7 33. Qxa3 d2
34. Nxd2 Rxd2 35. Qa8+ Qc8 36. Qa5+ Ke8 37. Qxd2 1-0

[Event "3eme Open International de La Fere"]
[Site "La Fere (FRA)"]
[Date "2004.??.??"]
[Round "2.1"]
[White "Malakhatko, Vadim"]
[Black "Bogza, Adina-Maria"]
[Result "1/2-1/2"]
[WhiteElo "2555"]
[BlackElo "2291"]
[PlyCount "97"]
[EventDate "2004.07.03"]

1. d4 Nf6 2. c4 g6 3. Nc3 Bg7 4. e4 O-O 5. Nge2 c6 6. f3 d5 7. e5 Ne8 8. cxd5
cxd5 9. Be3 Nc6 10. Qd2 f6 11. exf6 exf6 12. Nf4 Nc7 13. Be2 Re8 14. O-O Ne7
15. g4 f5 16. h3 Nc6 17. Rad1 Qd6 18. Nb5 Nxb5 19. Bxb5 Bd7 20. Bxc6 bxc6 21.
Ng2 a5 22. a3 Qb8 23. Bf4 Qb6 24. Rf2 fxg4 25. hxg4 Bc8 26. Bd6 Ba6 27. Bc5 Qc7
28. Re1 a4 29. f4 g5 30. Re5 gxf4 31. Rf5 Re4 32. R5xf4 Rae8 33. Rxe4 Rxe4 34.
Qg5 Re8 35. Nf4 Qd8 36. Qh5 Re1+ 37. Kh2 Bc8 38. Nd3 Re6 39. Kg2 Qe8 40. Ne5
Qxh5 41. gxh5 Ba6 42. Kg3 Bb5 43. Rf5 Rf6 44. Rxf6 Bxf6 45. Nf3 Kg7 46. Kf4 Bd3
47. Bd6 Be4 48. Ne5 Bxe5+ 49. dxe5 1/2-1/2

[Event "3eme Open International de La Fere"]
[Site "La Fere (FRA)"]
[Date "2004.??.??"]
[Round "2.3"]
[White "Sebe-Vodislav, Florian-George"]
[Black "Meijers, Viesturs"]
[Result "1/2-1/2"]
[WhiteElo "2298"]
[BlackElo "2477"]
[PlyCount "60"]
[EventDate "2004.07.03"]

1. e4 c5 2. Nf3 e6 3. d3 a6 4. g3 b5 5. Bg2 Bb7 6. O-O d5 7. exd5 Bxd5 8. c4
Bc6 9. cxb5 axb5 10. d4 Nf6 11. dxc5 Qxd1 12. Rxd1 Bxc5 13. Bg5 Nbd7 14. Bxf6
gxf6 15. Nbd2 Bd5 16. Nb3 Bxb3 17. axb3 Rxa1 18. Rxa1 Ke7 19. Ra5 Bb6 20. Rxb5
Rc8 21. Ne1 Rc1 22. Kf1 Bd4 23. Ke2 Rb1 24. Nd3 Ne5 25. f4 Nxd3 26. Kxd3 Bg1
27. Kc2 Re1 28. Kd2 Rb1 29. Kc2 Re1 30. Kd2 Rb1 1/2-1/2

[Event "3eme Open International de La Fere"]
[Site "La Fere (FRA)"]
[Date "2004.??.??"]
[Round "2.4"]
[White "Van Der Weide, Karel"]
[Black "Leuw, Micha"]
[Result "0-1"]
[WhiteElo "2471"]
[BlackElo "2193"]
[PlyCount "66"]
[EventDate "2004.07.03"]

1. e4 c5 2. Nf3 d6 3. d4 cxd4 4. Nxd4 Nf6 5. Nc3 e6 6. g4 h6 7. Be3 a6 8. f4 e5
9. Nf5 h5 10. Nd5 Nxd5 11. Qxd5 g6 12. Bc4 Rh7 13. Ng3 hxg4 14. f5 gxf5 15.
exf5 Bd7 16. Qd3 Bc6 17. f6 Rh3 18. O-O Nd7 19. Qb3 d5 20. Bxd5 Bxd5 21. Qxd5
Qc7 22. Rad1 O-O-O 23. Qxf7 Bc5 24. Qb3 e4 25. Bxc5 Qxc5+ 26. Rf2 Ne5 27. Rxd8+
Kxd8 28. Nxe4 Qd4 29. f7 Nf3+ 30. Kg2 Rxh2+ 31. Kg3 Qe5+ 32. Kxg4 Qxe4+ 33. Kg3
Qh4+ 0-1

[Event "3eme Open International de La Fere"]
[Site "La Fere (FRA)"]
[Date "2004.??.??"]
[Round "2.6"]
[White "Karpatchev, Aleksandr"]
[Black "Molenaar, Joseph"]
[Result "1-0"]
[WhiteElo "2463"]
[BlackElo "2171"]
[PlyCount "87"]
[EventDate "2004.07.03"]

1. e4 d5 2. exd5 Qxd5 3. Nc3 Qa5 4. d4 c6 5. Bc4 Nf6 6. Nf3 Bf5 7. Bd2 Qc7 8.
Ne5 e6 9. g4 Be4 10. Nxe4 Nxe4 11. Be3 Bd6 12. Qf3 Nf6 13. Bf4 Nbd7 14. Qe2 Nd5
15. Bg3 Nxe5 16. dxe5 Bb4+ 17. Kf1 O-O-O 18. c3 Be7 19. h4 g5 20. hxg5 Bxg5 21.
Qe4 Qb6 22. Rb1 h6 23. Kg2 Rd7 24. Qf3 Rhd8 25. b4 Bd2 26. Rbd1 Bg5 27. a4 a6
28. b5 cxb5 29. axb5 a5 30. Bxd5 exd5 31. Qf5 Qxb5 32. e6 fxe6 33. Qxe6 Qc6 34.
Qxc6+ bxc6 35. f4 Bf6 36. Rxh6 Bxc3 37. f5 Kb7 38. g5 c5 39. Rb1+ Bb4 40. f6
Rc8 41. g6 Kc6 42. g7 Kb5 43. Rh8 Rdd8 44. Rxd8 1-0

[Event "3eme Open International de La Fere"]
[Site "La Fere (FRA)"]
[Date "2004.??.??"]
[Round "2.7"]
[White "Vernay, Clovis"]
[Black "Gaponenko, Inna"]
[Result "0-1"]
[WhiteElo "2206"]
[BlackElo "2448"]
[PlyCount "64"]
[EventDate "2004.07.03"]

1. d4 e6 2. c4 f5 3. Nc3 Nf6 4. e3 c6 5. Bd3 d5 6. Qc2 Bd6 7. Nge2 O-O 8. f3
Na6 9. a3 dxc4 10. Bxc4 b5 11. Bd3 Qa5 12. Bd2 Nb4 13. axb4 Qxa1+ 14. Nd1 Bd7
15. e4 fxe4 16. fxe4 e5 17. O-O Qa6 18. Bc3 Qb6 19. h3 Nh5 20. Qb3+ Kh8 21. Rf7
Rxf7 22. Qxf7 Nf6 23. Ne3 Re8 24. Qb3 Qc7 25. Kh1 exd4 26. Nxd4 Nxe4 27. Bxe4
Rxe4 28. Ndf5 Bxf5 29. Nxf5 Bf8 30. Qd1 Rf4 31. g4 Rf2 32. Qg1 Qf4 0-1

[Event "3eme Open International de La Fere"]
[Site "La Fere (FRA)"]
[Date "2004.??.??"]
[Round "2.9"]
[White "Gozzoli, Yannick"]
[Black "Rigolot, Matthieu"]
[Result "1-0"]
[WhiteElo "2429"]
[BlackElo "2157"]
[PlyCount "57"]
[EventDate "2004.07.03"]

1. d4 Nf6 2. c4 e6 3. Nc3 Bb4 4. Qc2 c5 5. dxc5 O-O 6. Nf3 Bxc5 7. Bf4 Nc6 8.
e3 d5 9. a3 Qa5 10. Nd2 Bb4 11. cxd5 exd5 12. Bd3 d4 13. O-O Bxc3 14. Nc4 Qh5
15. bxc3 Nd5 16. Bg3 dxc3 17. Rab1 b6 18. Nd6 Ne5 19. Be4 Be6 20. Bxd5 Bxd5 21.
Rb5 Rfd8 22. Rxd5 Nf3+ 23. gxf3 Qxd5 24. Rd1 Qxf3 25. Rd3 Rd7 26. Qxc3 Rad8 27.
e4 Qg4 28. h3 Qxh3 29. Nf5 1-0

[Event "3eme Open International de La Fere"]
[Site "La Fere (FRA)"]
[Date "2004.??.??"]
[Round "2.10"]
[White "Rapinel, Franck"]
[Black "Szabo, Gergely-Andras-Gyul"]
[Result "0-1"]
[WhiteElo "2165"]
[BlackElo "2422"]
[PlyCount "66"]
[EventDate "2004.07.03"]

1. e4 c5 2. Nf3 Nf6 3. Nc3 d6 4. d4 cxd4 5. Nxd4 a6 6. Bc4 e6 7. Bb3 b5 8. O-O
Be7 9. Qf3 Qb6 10. Be3 Qb7 11. Qg3 b4 12. Na4 Nbd7 13. f3 O-O 14. Rfd1 Nc5 15.
Nxc5 dxc5 16. Ne2 Kh8 17. Qf2 Qc6 18. c3 c4 19. Nd4 Qc7 20. Ba4 bxc3 21. bxc3
Bd7 22. Qc2 e5 23. Nf5 Bxf5 24. exf5 e4 25. Qe2 Qa5 26. Bc6 Rac8 27. Bxe4 Qxc3
28. Bd4 Bc5 29. Bxc5 Rxc5 30. Rac1 Qb4 31. Qd2 c3 32. Qd6 Rfc8 33. Qd8+ Rxd8
0-1

[Event "3eme Open International de La Fere"]
[Site "La Fere (FRA)"]
[Date "2004.??.??"]
[Round "2.11"]
[White "Pytel, Krzysztof"]
[Black "Gosset, Arnaud"]
[Result "1/2-1/2"]
[WhiteElo "2416"]
[BlackElo "2146"]
[PlyCount "130"]
[EventDate "2004.07.03"]

1. d4 d5 2. Nf3 Nf6 3. e3 e6 4. Bd3 Be7 5. O-O O-O 6. b3 b6 7. Bb2 Ba6 8. c4
Nbd7 9. cxd5 Bxd3 10. Qxd3 Nxd5 11. e4 N5f6 12. Nc3 Bb4 13. Ne2 Re8 14. Rfd1
Qc8 15. a3 Be7 16. Nc3 Qb7 17. Rac1 c5 18. d5 exd5 19. exd5 Bd6 20. Qf5 a6 21.
Re1 Qc7 22. g3 Rad8 23. Ng5 h6 24. Nge4 Be5 25. Rcd1 Bd4 26. Bc1 Qe5 27. Qxe5
Nxe5 28. Kg2 Nxe4 29. Nxe4 f5 30. Nd2 Rxd5 31. Nc4 Kf8 32. Ne3 Rdd8 33. Nxf5
Nc6 34. Bf4 Rxe1 35. Rxe1 Re8 36. Rxe8+ Kxe8 37. Bc7 b5 38. Bb6 Kd7 39. f4 Ke6
40. g4 Kd5 41. Kf3 Bb2 42. Ne3+ Kd4 43. b4 Kd3 44. Bxc5 Bxa3 45. Bf8 Nd4+ 46.
Kf2 Ne6 47. Bd6 a5 48. Nd5 Kd4 49. Nc7 Nxc7 50. Bxc7 Bxb4 51. Be5+ Ke4 52. Bxg7
Kxf4 53. Bxh6+ Kxg4 54. Ke2 Bd6 55. Bd2 a4 56. Kd3 Be5 57. Bb4 Kh3 58. Ba3 Kxh2
59. Ke4 Bc3 60. Kd5 b4 61. Kc4 bxa3 62. Kxc3 Kg3 63. Kc2 Kf4 64. Kb1 Ke3 65.
Ka1 Kd3 1/2-1/2

[Event "3eme Open International de La Fere"]
[Site "La Fere (FRA)"]
[Date "2004.??.??"]
[Round "2.12"]
[White "Bardoux, Thierry"]
[Black "Dobrev, Nanko"]
[Result "0-1"]
[WhiteElo "2120"]
[BlackElo "2415"]
[PlyCount "56"]
[EventDate "2004.07.03"]

1. d4 Nf6 2. Nf3 e6 3. e3 c5 4. Bd3 b6 5. Nbd2 Bb7 6. O-O Be7 7. c3 O-O 8. Qe2
cxd4 9. exd4 d6 10. Re1 Nbd7 11. Bc2 Rc8 12. Ng5 Qc7 13. f4 h6 14. Ngf3 Nd5 15.
Nf1 N7f6 16. Bd2 Nh5 17. g3 Nhf6 18. Rac1 Qc6 19. Bd1 b5 20. Qg2 Nb6 21. Ne3
Ne4 22. Rf1 Nc4 23. Nxc4 bxc4 24. Be3 Qa6 25. a3 f5 26. Qh3 Qc6 27. Be2 Nf6 28.
Rfd1 Qe4 0-1

[Event "3eme Open International de La Fere"]
[Site "La Fere (FRA)"]
[Date "2004.??.??"]
[Round "2.13"]
[White "Benitah, Yohan"]
[Black "Gozzoli, Cyrille"]
[Result "1-0"]
[WhiteElo "2408"]
[BlackElo "2087"]
[PlyCount "67"]
[EventDate "2004.07.03"]

1. d4 Nf6 2. c4 g6 3. f3 Bg7 4. e4 d6 5. Nc3 O-O 6. Bg5 c5 7. d5 Qa5 8. Bd2 a6
9. a4 Nbd7 10. Nh3 Qc7 11. Nf2 Ne8 12. Be2 f5 13. exf5 Rxf5 14. O-O Rf8 15.
Nfe4 Ne5 16. Ng5 Nf6 17. Qe1 h6 18. f4 Nf7 19. Ne6 Bxe6 20. dxe6 Nd8 21. Bd3
Qc8 22. Nd5 Nxd5 23. cxd5 c4 24. Bxg6 Qc5+ 25. Kh1 Qxd5 26. f5 Nc6 27. Rd1 Qe5
28. Qh4 Qf6 29. Bf7+ Kh8 30. Qxc4 Ne5 31. Qe4 Nxf7 32. exf7 Rxf7 33. Bc3 e5 34.
fxe6 1-0

[Event "3eme Open International de La Fere"]
[Site "La Fere (FRA)"]
[Date "2004.??.??"]
[Round "2.14"]
[White "Maufroid, Loic"]
[Black "Gharamian, Tigran"]
[Result "0-1"]
[WhiteElo "2120"]
[BlackElo "2398"]
[PlyCount "40"]
[EventDate "2004.07.03"]

1. e4 c5 2. Nf3 d6 3. d4 cxd4 4. Nxd4 Nf6 5. Nc3 a6 6. Bg5 e6 7. Qd2 Nbd7 8.
Be2 b5 9. a3 Bb7 10. f4 Bxe4 11. Bxf6 Nxf6 12. Ndxb5 axb5 13. Bxb5+ Ke7 14.
O-O-O Qb6 15. Rhe1 Bf5 16. h3 h5 17. a4 Qc5 18. a5 Rxa5 19. Kb1 g6 20. Qe2 Bh6
0-1

[Event "3eme Open International de La Fere"]
[Site "La Fere (FRA)"]
[Date "2004.??.??"]
[Round "2.15"]
[White "Colin, Vincent"]
[Black "Vinsot, Robin-Gael"]
[Result "1-0"]
[WhiteElo "2389"]
[BlackElo "2078"]
[PlyCount "69"]
[EventDate "2004.07.03"]

1. d4 Nf6 2. c4 e6 3. Nc3 Bb4 4. e3 O-O 5. Bd3 c5 6. Nf3 d6 7. O-O Nbd7 8. Nb5
Qe7 9. a3 Ba5 10. b4 a6 11. Nxd6 cxb4 12. c5 e5 13. Nh4 e4 14. Nhf5 Qd8 15.
Nxe4 Nxe4 16. Bxe4 Qf6 17. axb4 Bxb4 18. Rb1 a5 19. Bb2 g6 20. Nd6 Rb8 21. d5
Qe7 22. Qd4 f6 23. Nxc8 Rfxc8 24. c6 Nc5 25. Bf3 bxc6 26. dxc6 Kg7 27. Qc4 Ne6
28. Bg4 Re8 29. Rfd1 Bd6 30. Bc3 Rxb1 31. Rxb1 Bc7 32. g3 h5 33. Bxe6 Qxe6 34.
Qxe6 Rxe6 35. Rb7 1-0

[Event "3eme Open International de La Fere"]
[Site "La Fere (FRA)"]
[Date "2004.??.??"]
[Round "2.16"]
[White "Maupoint, Sebastien"]
[Black "Sebe-Vodislav, Razvan-Alexandru"]
[Result "0-1"]
[WhiteElo "2082"]
[BlackElo "2346"]
[PlyCount "60"]
[EventDate "2004.07.03"]

1. Nf3 c5 2. c4 g6 3. Nc3 Bg7 4. g3 Nc6 5. Bg2 e5 6. d3 Nge7 7. O-O Rb8 8. Rb1
a6 9. a3 b5 10. Ne4 d6 11. Bg5 O-O 12. Bf6 Bxf6 13. Nxf6+ Kg7 14. Ne4 f5 15.
Nc3 Be6 16. Ng5 Bg8 17. Qc1 bxc4 18. dxc4 h6 19. Nf3 Bxc4 20. b4 cxb4 21. axb4
Nxb4 22. Rd1 Qc7 23. Qd2 Rfd8 24. Rxb4 Rxb4 25. Nxe5 dxe5 26. Qxd8 Qxd8 27.
Rxd8 Rb3 28. Nd1 Rb1 29. Kf1 Nd5 30. Ke1 Nc3 0-1

[Event "3eme Open International de La Fere"]
[Site "La Fere (FRA)"]
[Date "2004.??.??"]
[Round "2.18"]
[White "Zozulia, Anna"]
[Black "Cardon, Pierre"]
[Result "1-0"]
[WhiteElo "2324"]
[BlackElo "1820"]
[PlyCount "42"]
[EventDate "2004.07.03"]

1. e4 e5 2. Nf3 Nc6 3. Bb5 a6 4. Ba4 Nf6 5. O-O d6 6. c3 Bg4 7. h3 Bh5 8. Re1
Be7 9. d3 O-O 10. Nbd2 Nd7 11. Nf1 f5 12. exf5 Rxf5 13. g4 Rxf3 14. Qxf3 Bg6
15. Ng3 Nc5 16. Bc2 Qd7 17. Be3 Nxd3 18. Bxd3 Bxd3 19. Qd5+ Kh8 20. Qxd3 Rf8
21. Rad1 Bh4 1-0

[Event "3eme Open International de La Fere"]
[Site "La Fere (FRA)"]
[Date "2004.??.??"]
[Round "2.20"]
[White "Perrien, Francis"]
[Black "Radulski, Julian"]
[Result "0-1"]
[WhiteElo "1800"]
[BlackElo "2513"]
[PlyCount "84"]
[EventDate "2004.07.03"]

1. e4 e5 2. Nf3 Nc6 3. Bb5 g6 4. c3 a6 5. Ba4 d6 6. h3 Nf6 7. d3 Bg7 8. Be3 O-O
9. O-O b5 10. Bb3 Na5 11. Bc2 c5 12. b4 cxb4 13. cxb4 Nc6 14. a3 Bb7 15. Nbd2
h6 16. Re1 Ne8 17. Bb3 Kh8 18. Rb1 Rc8 19. Nf1 Nc7 20. Qd2 Kh7 21. N1h2 f5 22.
exf5 gxf5 23. Bb6 Qf6 24. Bxc7 Rxc7 25. Rbc1 Rfc8 26. Bd5 Ne7 27. Bxb7 Rxb7 28.
Rxc8 Nxc8 29. Qc2 Ne7 30. Nf1 Rb6 31. N1d2 Rc6 32. Qb2 Qf7 33. Nb3 Qd5 34. Rd1
Ng6 35. d4 Nf4 36. Kh2 e4 37. Ne1 Ng6 38. g3 Ne5 39. Rc1 Rxc1 40. Nxc1 Nc4 41.
Qb3 Qxd4 42. Kg1 Qd2 0-1

[Event "3eme Open International de La Fere"]
[Site "La Fere (FRA)"]
[Date "2004.??.??"]
[Round "2.22"]
[White "Ciuksyte, Dagne"]
[Black "Casier, Fabrice"]
[Result "1-0"]
[WhiteElo "2338"]
[BlackElo "1810"]
[PlyCount "25"]
[EventDate "2004.07.03"]

1. e4 d5 2. exd5 Qxd5 3. Nc3 Qa5 4. d4 c6 5. Bc4 Nf6 6. Bd2 Bf5 7. Qe2 Nbd7 8.
Nb5 Qb6 9. Nd6+ Kd8 10. Nxf7+ Kc8 11. Nxh8 Qxb2 12. Rc1 Qxd4 13. Nf3 1-0

[Event "3eme Open International de La Fere"]
[Site "La Fere (FRA)"]
[Date "2004.??.??"]
[Round "2.23"]
[White "Platel, Alexandre"]
[Black "Molet, Asher"]
[Result "1-0"]
[WhiteElo "2145"]
[BlackElo "2019"]
[PlyCount "71"]
[EventDate "2004.07.03"]

1. e4 c5 2. Nf3 Nc6 3. d4 cxd4 4. Nxd4 Nf6 5. Nc3 e5 6. Ndb5 d6 7. Bg5 a6 8.
Na3 b5 9. Nd5 Be7 10. Bxf6 Bxf6 11. c3 O-O 12. Nc2 Rb8 13. Bd3 Be6 14. Qe2 Bg5
15. O-O Ne7 16. Ncb4 Qc8 17. h4 Bxh4 18. Qh5 Bf6 19. Nxf6+ gxf6 20. Nd5 Bxd5
21. exd5 Ng6 22. Rfe1 Kg7 23. Re3 Qc5 24. Rh3 Rh8 25. Rd1 a5 26. Qh6+ Kg8 27.
Rg3 Qxd5 28. Bc2 Qe6 29. Bb3 Qe7 30. Rxd6 Qf8 31. Qd2 Re8 32. Rxf6 Re7 33. Qd6
Kg7 34. Rf5 Qd8 35. Qf6+ Kf8 36. Rxg6 1-0

[Event "3eme Open International de La Fere"]
[Site "La Fere (FRA)"]
[Date "2004.??.??"]
[Round "2.25"]
[White "Minet, Steve"]
[Black "Germain, Julien"]
[Result "1-0"]
[WhiteElo "2154"]
[BlackElo "1740"]
[PlyCount "63"]
[EventDate "2004.07.03"]

1. e4 c6 2. d4 d5 3. Nc3 dxe4 4. Nxe4 Bf5 5. Ng3 Bg6 6. h4 h6 7. Nf3 Nd7 8. h5
Bh7 9. Bd3 Bxd3 10. Qxd3 Ngf6 11. Bd2 e6 12. O-O-O Qc7 13. c4 O-O-O 14. Bc3 Bd6
15. Ne4 Nxe4 16. Qxe4 Nf6 17. Qe2 Rhe8 18. b4 b6 19. Kb2 Qb7 20. Ne5 c5 21.
dxc5 bxc5 22. b5 Ne4 23. Nxf7 Nxc3 24. Nxd6+ Rxd6 25. Kxc3 Rxd1 26. Rxd1 Qf7
27. Rd6 Qf6+ 28. Kb3 Re7 29. Qe4 Rb7 30. Qc6+ Kb8 31. Qe8+ Kc7 32. Rc6# 1-0

[Event "3eme Open International de La Fere"]
[Site "La Fere (FRA)"]
[Date "2004.??.??"]
[Round "2.26"]
[White "Oudot, Jean-Baptiste"]
[Black "Lucas, Bernard"]
[Result "1-0"]
[WhiteElo "2090"]
[BlackElo "1730"]
[PlyCount "63"]
[EventDate "2004.07.03"]

1. e4 e5 2. Nf3 Nc6 3. Bc4 Bc5 4. c3 Nf6 5. d3 O-O 6. O-O d6 7. Bb3 Be6 8. Bc2
h6 9. h3 Qd7 10. Kh2 Bb6 11. Qe2 Ne7 12. d4 exd4 13. cxd4 c6 14. Nc3 Bc7 15.
Ng1 Nh7 16. f4 f5 17. e5 dxe5 18. dxe5 Rad8 19. Be3 Bb6 20. Bxb6 axb6 21. Nf3
Qc7 22. Rad1 b5 23. Nd4 Bc4 24. Bb3 Qb6 25. Bxc4+ bxc4 26. Qxc4+ Kh8 27. Ne6
Rxd1 28. Rxd1 Re8 29. Rd7 Qxb2 30. Nc7 Nf8 31. Nxe8 Nxd7 32. Qf7 1-0

[Event "3eme Open International de La Fere"]
[Site "La Fere (FRA)"]
[Date "2004.??.??"]
[Round "2.27"]
[White "Symoens, David"]
[Black "Croenne, Olivier"]
[Result "0-1"]
[WhiteElo "1720"]
[BlackElo "2055"]
[PlyCount "64"]
[EventDate "2004.07.03"]

1. e4 c5 2. Nf3 Nc6 3. d4 cxd4 4. Nxd4 Nf6 5. Nc3 e5 6. Ndb5 d6 7. Bg5 a6 8.
Na3 b5 9. Bxf6 gxf6 10. Nd5 f5 11. Bd3 Be6 12. c3 Bxd5 13. exd5 Ne7 14. Nxb5
Bg7 15. Na3 O-O 16. Bc2 Rc8 17. O-O e4 18. Re1 Ng6 19. Bb3 Qg5 20. Qc1 Qh4 21.
Qe3 Be5 22. Qh3 Qg5 23. Kh1 Kh8 24. Nc4 Rg8 25. Nxe5 Nxe5 26. Rad1 Nd3 27. Re2
Nf4 28. Qg3 Nxe2 29. Qxg5 Rxg5 30. g3 f4 31. Re1 f3 32. Bc2 f5 0-1

[Event "3eme Open International de La Fere"]
[Site "La Fere (FRA)"]
[Date "2004.??.??"]
[Round "2.28"]
[White "Diener, Jean-Denis"]
[Black "Bielka, Samuel"]
[Result "0-1"]
[WhiteElo "1690"]
[BlackElo "2054"]
[PlyCount "56"]
[EventDate "2004.07.03"]

1. d4 d5 2. c4 c6 3. Nc3 dxc4 4. e3 b5 5. a4 b4 6. Ne4 e6 7. Bxc4 a5 8. Nf3 Be7
9. O-O Nf6 10. Qc2 O-O 11. Bd3 h6 12. Ne5 Bb7 13. Nc5 Bxc5 14. Qxc5 Nfd7 15.
Nxd7 Nxd7 16. Qc2 c5 17. Be4 Bxe4 18. Qxe4 cxd4 19. Qxd4 Nf6 20. Rd1 Qc7 21.
Qd3 Rfd8 22. Qe2 Rxd1+ 23. Qxd1 Rd8 24. Qe2 Qd6 25. g3 Qd5 26. f3 Qb3 27. e4
Rd1+ 28. Kf2 Nd7 0-1

[Event "3eme Open International de La Fere"]
[Site "La Fere (FRA)"]
[Date "2004.??.??"]
[Round "2.29"]
[White "Delorme, Laurie"]
[Black "Dagnicourt, Francis"]
[Result "1-0"]
[WhiteElo "2037"]
[BlackElo "1690"]
[PlyCount "101"]
[EventDate "2004.07.03"]

1. d4 d5 2. Nc3 e6 3. e4 Nf6 4. Bg5 Be7 5. e5 Nfd7 6. Bxe7 Qxe7 7. Nb5 Qd8 8.
c3 a6 9. Na3 c5 10. f4 b5 11. Nc2 Nc6 12. Nf3 Ne7 13. Ne3 cxd4 14. cxd4 O-O 15.
Bd3 f5 16. O-O Nb6 17. b3 Ng6 18. g3 Nh8 19. Rc1 Bd7 20. Qe2 Rc8 21. Rc5 Qe7
22. Rfc1 Nf7 23. Qe1 g5 24. Qa5 gxf4 25. gxf4 Qd8 26. Rxc8 Bxc8 27. Rc6 Na8 28.
Qxd8 Rxd8 29. b4 Kh8 30. Kf2 Re8 31. Ng5 Nxg5 32. fxg5 Bb7 33. Rd6 Re7 34. Ng2
Nc7 35. Nf4 Kg7 36. h4 Bc8 37. Rd8 Re8 38. Rd6 Kf7 39. Nh5 Ke7 40. Nf6 Rh8 41.
Rc6 Na8 42. h5 Bb7 43. Rd6 Bc8 44. g6 hxg6 45. hxg6 Kf8 46. Rd8+ Kg7 47. Ne8+
Rxe8 48. Rxe8 Nb6 49. Re7+ Kxg6 50. Rc7 Kg5 51. Rc6 1-0

[Event "3eme Open International de La Fere"]
[Site "La Fere (FRA)"]
[Date "2004.??.??"]
[Round "2.30"]
[White "Dumenil, Jean-Francois"]
[Black "Labarthe, Arnaud"]
[Result "0-1"]
[WhiteElo "1670"]
[BlackElo "2028"]
[PlyCount "43"]
[EventDate "2004.07.03"]

1. d4 Nc6 2. c4 e5 3. d5 Nce7 4. e4 Ng6 5. Ne2 Bc5 6. g3 Qf6 7. Be3 Bxe3 8.
fxe3 Qf3 9. Rg1 Qxe3 10. Nd2 Nf6 11. Qc2 Ng4 12. O-O-O Nf2 13. Re1 Nd3+ 14. Kd1
Nxe1 15. Kxe1 O-O 16. Bg2 d6 17. Nf1 Qb6 18. Nd2 f5 19. h4 fxe4 20. Nxe4 Bg4
21. Qc3 Bxe2 22. Kxe2 0-1

[Event "3eme Open International de La Fere"]
[Site "La Fere (FRA)"]
[Date "2004.??.??"]
[Round "2.31"]
[White "Lonnoy, Remi"]
[Black "Dubois, Vincent"]
[Result "0-1"]
[WhiteElo "2025"]
[BlackElo "1690"]
[PlyCount "58"]
[EventDate "2004.07.03"]

1. d4 d5 2. c4 e6 3. Nc3 Nf6 4. cxd5 exd5 5. Bg5 Nbd7 6. e3 c6 7. Bd3 Bb4 8.
Nge2 O-O 9. a3 Ba5 10. b4 Bc7 11. O-O Bxh2+ 12. Kxh2 Ng4+ 13. Kg1 Qxg5 14. Nf4
Qh4 15. Nh3 Ndf6 16. Qe2 Nh5 17. Qf3 f5 18. Ne2 g5 19. Ng3 f4 20. Nxh5 Qxh5 21.
e4 dxe4 22. Bxe4 Qh4 23. Qb3+ Kh8 24. Qc3 Nf6 25. Bc2 Nd5 26. Qd3 Bf5 27. Qb3
Bxc2 28. Qxc2 f3 29. Qd3 g4 0-1

[Event "3eme Open International de La Fere"]
[Site "La Fere (FRA)"]
[Date "2004.??.??"]
[Round "2.32"]
[White "Brobecker, Alain"]
[Black "Pytel, Bozena"]
[Result "1/2-1/2"]
[WhiteElo "1660"]
[BlackElo "2023"]
[PlyCount "97"]
[EventDate "2004.07.03"]

1. e4 e6 2. d4 d5 3. exd5 exd5 4. Bd3 Bd6 5. Be3 Nf6 6. Nf3 Bg4 7. Nbd2 c6 8.
c3 Nbd7 9. Qc2 O-O 10. h3 Bh5 11. Ng5 Bg6 12. Bxg6 hxg6 13. O-O-O Nh5 14. h4
Ndf6 15. Kb1 Ng4 16. Rde1 Re8 17. Nf1 Bf4 18. Nf3 Qf6 19. Bxf4 Rxe1+ 20. Nxe1
Qxf4 21. Nd3 Qd6 22. f3 Nh6 23. Ne3 Re8 24. Qf2 Qg3 25. Qxg3 Nxg3 26. Re1 Nhf5
27. Nxf5 Rxe1+ 28. Nxe1 Nxf5 29. Kc2 Nxh4 30. Kd2 f6 31. g4 g5 32. Ke3 Kf7 33.
Nd3 Ke7 34. a4 b6 35. b4 Ng2+ 36. Kf2 Nf4 37. Ke3 Nxd3 38. Kxd3 a6 39. Kc2 Kd6
40. Kb3 c5 41. Kc2 Kc6 42. Kb3 g6 43. Kc2 f5 44. Kb3 cxb4 45. cxb4 Kd6 46. Kc3
Ke6 47. Kd3 Kf6 48. Ke3 Ke6 49. Kd3 1/2-1/2

[Event "3eme Open International de La Fere"]
[Site "La Fere (FRA)"]
[Date "2004.??.??"]
[Round "2.33"]
[White "Dumortier, Thierry"]
[Black "Longuemart, Jean-Paul"]
[Result "1-0"]
[WhiteElo "2019"]
[BlackElo "1680"]
[PlyCount "77"]
[EventDate "2004.07.03"]

1. e4 c5 2. Nf3 e6 3. d4 cxd4 4. Nxd4 Nf6 5. Nc3 Nc6 6. Ndb5 d6 7. Bg5 a6 8.
Bxf6 gxf6 9. Nd4 Bg7 10. Bc4 O-O 11. Nde2 Ne5 12. Bb3 Qc7 13. O-O b5 14. Ng3 f5
15. exf5 exf5 16. Nd5 Qc5 17. Nh5 Ng4 18. h3 Nxf2 19. Rxf2 Bd4 20. Qd2 Bxf2+
21. Qxf2 Qxf2+ 22. Kxf2 Bb7 23. Ne7+ Kh8 24. Nxf5 Rad8 25. Rd1 Be4 26. Nxd6 Bg6
27. Nf6 Kg7 28. Ng4 f5 29. Ne3 f4 30. Ng4 h5 31. Nh2 Kh7 32. c3 Rd7 33. Nf3 Rc7
34. Ng5+ Kh6 35. Ne6 Rcc8 36. Nxc8 Rxc8 37. Nxf4 Rf8 38. g3 a5 39. Rd6 1-0